LEADER 01105nam a2200265 a 4500 001 000000145372 003 CaOOAMICUS 005 20150902112055.0 008 150902s1997 it u000 u ita r 020 $a88-399-1858-2 040 $aPUL$bita 100 1 $aBuzzetti, Carlo,$d1943-$0(OLS)http://pul/name/35796 245 10$aBibbia per noi $bleggere, attualizzare, comunicare /$cCarlo Buzzetti. 260 $aBrescia :$bQueriniana,$cİ1997. 300 $a156 p. ;$c22 cm 490 1 $aGuide per la prassi ecclesiale ;$v18 630 04$aBiblia$xCritica e interpretazione.$0(OLS)http://pul/subject/2023 830 0$aGuide per la prassi ecclesiale ;$v18.$0(OLS)http://pul/title/66070 850 $aPUL 852 $aPUL$W1$xDP1 Fondo S. Lanza$y121$m3 N 20$j168119$qFondi$B168697$CPULBib$Z2$F168697 $HLan1718 $82 941 1 $a1 996 $6020$a88-399-1858-2$9(OLS)http://pul/number/158440 996 $6245$aBibbia per noi $bleggere, attualizzare, comunicare$9(OLS)http://pul/title/183832 996 $6260$aBrescia :$bQueriniana$9(OLS)http://pul/publisher/47906 LEADER 01275nam a2200301 a 4500 001 000000167247 003 CaOOAMICUS 005 20180419102809.0 008 180419s1973 it u000 u ita r 032 $aLibriCat 040 $aPUL$bita 041 1 $aita$heng 100 1 $aSchatzman, Morton.$0(OLS)http://pul/name/107838 240 10$aSoul murder.$bItaliano.$0(OLS)http://pul/title/207206 245 13$aLa famiglia che uccide /$cMorton Schatzman ; con un saggio di Enzo Codignola. 260 $aMilano :$bFeltrinelli,$cİ1973. 300 $a197 p. ;$c22 cm. 490 1 $aI fatti e le idee. Saggi e biografie. Psicologia e psicoanalisi 504 $aBibliografia in nota. 650 4$aEducazione familiare.$0(OLS)http://pul/subject/10250 700 1 $aCodignola, Enzo.$0(OLS)http://pul/name/107839 830 0$aFatti e le idee (Feltrinelli).$pSaggi e biografie.$pPsicologia e psicoanalisi.$0(OLS)http://pul/title/206937 850 $aPUL 852 $aPUL$W1$xDP1 Fondo Dalla Palma$y117$m2 C 85$j157057$qFondi$B194788$CPULBib$Z2$F194788 $HDal2635 $81 941 1 $a1 996 $6245$aLa famiglia che uccide$9(OLS)http://pul/title/207207 996 $6260$aMilano :$bFeltrinelli$9(OLS)http://pul/publisher/48846